000 00715nam a2200289Ia 4500
005 20260324145445.0
008 008 260324s9999 xx 000 0 eng d
020 _a9781315746609
037 _aEBOOK
040 _aCRL
040 _beng
040 _cCRL
041 _2eng
041 _aeng
084 _qCRL
100 _aAnn Banfield
_91223024
245 0 _aUnspeakable Sentences (Routledge Revivals)
245 0 _bNarration and Representation in the Language of Fiction
260 _bTaylor and Francis
260 _c1982
365 _a
365 _b255
856 _uhttp://www.taylorfrancis.com/books/9781315746609
942 _cEBOOK
999 _c1830966
_d1830966